[Event "AUTO-MASTER-981"]
[Site "http://www.queenalice.com/game.php?id=696813"]
[Date "2009.12.12"]
[Round "1"]
[White "jhenyferferreira"]
[Black "arrabi"]
[Result "1-0"]
[WhiteElo "1959"]
[BlackElo "2063"]

1. e4 c5 2. Nf3 Nc6 3. Bc4 e6 4. Nc3 Be7 5. d4 cxd4 6. Nxd4 Nf6 7. Be3 a6 8. O-O
O-O 9. f4 Bb4 10. e5 Ne8 11. Nce2 d5 12. Bd3 Bc5 13. Kh1 Qb6 14. c3 Nc7 15. Qc2
g6 16. b4 Nxd4 17. Nxd4 Bxd4 18. Bxd4 Qc6 19. Rac1 b6 20. Qf2 Rb8 21. h4 Nb5 22.
Bxb5 Qxb5 23. h5 h6 24. Qg3 Kh7 25. Qh4 Qe2 26. hxg6+ fxg6 27. Qe7+ Kg8 28. Rf3
Rb7 29. Qh4 Qxa2 30. Kg1 Qb2 31. Rcf1 h5 32. Rg3 Kh7 33. Qg5 Rg8 34. Rff3 Qb1+
35. Kh2 Qf5 36. Qh4 a5 37. Rg5 Qf7 38. g4 a4 39. gxh5 gxh5 40. Rxh5+ Kg7 41.
Rh7+ 1-0

[Event "AUTO-MASTER-981"]
[Site "http://www.queenalice.com/game.php?id=696814"]
[Date "2009.12.12"]
[Round "1"]
[White "arrabi"]
[Black "jhenyferferreira"]
[Result "0-1"]
[WhiteElo "2012"]
[BlackElo "1903"]

1. e4 c5 2. Bc4 e6 3. a4 Qh4 4. d3 Nc6 5. c3 Qd8 6. Bf4 Be7 7. Nf3 d6 8. Nbd2
Nf6 9. O-O O-O 10. h3 e5 11. Be3 Bd7 12. Rb1 h6 13. Nh2 Qc8 14. g4 Nh7 15. f4
exf4 16. Bxf4 Ne5 17. Nhf3 Nxc4 18. Nxc4 Bxg4 19. Bxd6 Bxd6 20. Nxd6 Qe6 21. e5
Bxh3 22. d4 Qg4+ 23. Kf2 Bxf1 24. Qxf1 cxd4 25. cxd4 Ng5 26. Nxg5 Qxg5 27. Qd3
Rad8 28. Rg1 Qf4+ 29. Ke2 Rxd6 30. exd6 Qxd6 31. Qe3 Rd8 32. Kd3 Qb6 33. Kc2
Qxd4 34. Qxd4 Rxd4 35. b3 g5 36. Kc3 Rd6 37. b4 f5 38. Kc4 f4 39. Kc5 Rc6+ 40.
Kd5 Rc3 41. Kd4 Ra3 42. a5 f3 43. Ke4 f2 44. Rf1 Ra2 45. Ke3 h5 46. Rxf2 Rxf2
47. Kxf2 Kf7 48. Kg3 Ke6 49. b5 Kf5 50. Kh3 Kf4 51. a6 b6 52. Kh2 g4 53. Kg2 h4
54. Kh2 Kf3 0-1

[Event "AUTO-MASTER-981"]
[Site "http://www.queenalice.com/game.php?id=696815"]
[Date "2009.12.12"]
[Round "1"]
[White "jhenyferferreira"]
[Black "Morysek"]
[Result "0-1"]
[WhiteElo "1916"]
[BlackElo "2217"]

1. e4 d6 2. d4 Nf6 3. Nc3 g6 4. Be3 Bg7 5. Qd2 O-O 6. Bd3 c6 7. f3 Qc7 8. g4 b5
9. h4 a5 10. h5 b4 11. Nce2 c5 12. dxc5 dxc5 13. b3 Nxg4 14. fxg4 Bxa1 15. hxg6
fxg6 16. Bf4 Be5 17. Bxe5 Qxe5 18. Qh6 Qg7 19. Qh4 Nc6 20. Bc4+ Kh8 21. Bd5 Bd7
22. Qh3 a4 23. bxa4 Rxa4 24. Bb3 Ra3 25. Qh2 Bxg4 26. Nh3 c4 27. Ng5 h5 28. Bxc4
Qf6 29. Nf7+ Rxf7 30. Bxf7 Qxf7 31. Rf1 Rf3 0-1

[Event "AUTO-MASTER-981"]
[Site "http://www.queenalice.com/game.php?id=696816"]
[Date "2009.12.12"]
[Round "1"]
[White "Morysek"]
[Black "jhenyferferreira"]
[Result "1-0"]
[WhiteElo "2191"]
[BlackElo "1912"]

1. f4 e5 2. fxe5 d6 3. exd6 Bxd6 4. Nf3 Nf6 5. d4 O-O 6. Bg5 h6 7. Bh4 Bg4 8.
Qd3 Nbd7 9. Nbd2 Qe8 10. O-O-O Be6 11. Kb1 a5 12. e4 Nh7 13. h3 Nb6 14. g4 a4
15. g5 h5 16. Rg1 g6 17. d5 Bd7 18. e5 Bc5 19. e6 Bxg1 20. exd7 Qxd7 21. Nxg1
Qxd5 22. Qc3 Nxg5 23. Bxg5 Qxg5 24. Ne4 Qa5 25. Nf6+ Kh8 26. Qxc7 Rad8 27. Bd3
Qg5 28. Qxb6 Rc8 29. Qd4 Rfd8 30. Qb6 Kg7 31. Ne4 Qg2 32. Qf6+ Kg8 33. Qf2 Qh1
34. a3 Rd5 35. Nf6+ 1-0

[Event "AUTO-MASTER-981"]
[Site "http://www.queenalice.com/game.php?id=696817"]
[Date "2009.12.12"]
[Round "1"]
[White "jhenyferferreira"]
[Black "MrGreen"]
[Result "0-1"]
[WhiteElo "1979"]
[BlackElo "2184"]

1. e4 e5 2. Nf3 Nc6 3. Bc4 Nf6 4. d3 d5 5. exd5 Nxd5 6. Ng5 f6 7. Ne4 Be6 8. Bd2
Qd7 9. Bxd5 Bxd5 10. Nbc3 Be6 11. Qe2 O-O-O 12. O-O-O Nd4 13. Qe1 Bxa2 14. Nxa2
Qa4 15. b3 Qxa2 0-1

[Event "AUTO-MASTER-981"]
[Site "http://www.queenalice.com/game.php?id=696818"]
[Date "2009.12.12"]
[Round "1"]
[White "MrGreen"]
[Black "jhenyferferreira"]
[Result "1-0"]
[WhiteElo "2177"]
[BlackElo "1967"]

1. e4 c5 2. Nc3 e6 3. Nf3 d6 4. d4 cxd4 5. Nxd4 Nc6 6. Bb5 Bd7 7. Be2 Nf6 8.
Ndb5 Nb4 9. O-O Be7 10. Nxd6+ Bxd6 11. Qxd6 Nc6 12. Nb5 Rc8 13. Qg3 Ne7 14. Qxg7
1-0

[Event "AUTO-ADV-1476"]
[Site "http://www.queenalice.com/game.php?id=709504"]
[Date "2010.1.6"]
[Round "2"]
[White "Parma"]
[Black "jhenyferferreira"]
[Result "1-0"]
[WhiteElo "1901"]
[BlackElo "1942"]

1. d4 d5 2. c4 dxc4 3. e3 e6 4. Bxc4 Nf6 5. Nf3 Bd6 6. O-O O-O 7. Nc3 Nc6 8. a3
a6 9. Bd2 b5 10. Bb3 Bb7 11. Na2 Ng4 12. h3 Nh6 13. e4 Kh8 14. Bxh6 gxh6 15. Qd2
Rg8 16. Qxh6 Na5 17. Bc2 Rg6 18. Qh4 1-0

[Event "AUTO-ADV-1476"]
[Site "http://www.queenalice.com/game.php?id=709505"]
[Date "2010.1.6"]
[Round "2"]
[White "jhenyferferreira"]
[Black "Parma"]
[Result "0-1"]
[WhiteElo "1961"]
[BlackElo "1882"]

1. e4 c5 2. Nf3 e6 3. c3 Nf6 4. e5 Nd5 5. Bc4 Nb6 6. Bb3 Nc6 7. d4 cxd4 8. cxd4
d5 9. O-O Be7 10. h3 O-O 11. Bc2 g6 12. Bh6 Re8 13. Nbd2 Bf8 14. Bxf8 Kxf8 15.
Nh2 a6 16. Ndf3 Kg7 0-1

[Event "BRASIL-FEMININO"]
[Site "http://www.queenalice.com/game.php?id=714101"]
[Date "2010.1.15"]
[Round "1"]
[White "negaadelaide"]
[Black "jhenyferferreira"]
[Result "1-0"]
[WhiteElo "1788"]
[BlackElo "1924"]

1. Nf3 d5 2. d4 Bf5 3. e3 e6 4. a3 Bd6 5. h3 h6 6. Nc3 Nf6 7. Be2 O-O 8. O-O Ne4
9. Nxe4 dxe4 10. Nd2 Qg5 11. g4 Bg6 12. f4 Qh4 13. Kh2 f5 14. Qe1 Qe7 15. Nc4
fxg4 16. Bxg4 Nd7 17. Bd2 b5 18. Nxd6 cxd6 19. Bb4 Nf6 20. Be2 Nd5 21. Bxb5 Rac8
22. c3 1-0

[Event "PE x MA"]
[Site "http://www.queenalice.com/game.php?id=792491"]
[Date "2010.6.20"]
[Round "1"]
[White "jhenyferferreira"]
[Black "WilsonFerreira"]
[Result "0-1"]
[WhiteElo "1907"]
[BlackElo "1978"]

1. e4 c5 2. Nf3 e6 3. Bc4 Nc6 4. d4 cxd4 5. Nxd4 Be7 6. O-O d6 7. Nc3 Nf6 8. Be3
O-O 9. f4 e5 10. fxe5 Nxe5 11. Bd3 a6 12. Nf5 b5 13. Nd5 Nxd5 14. exd5 Bxf5 15.
Bxf5 Bf6 16. Qe1 Re8 17. h3 Nc4 18. Rf3 Nxe3 19. Rxe3 Bd4 20. Kh1 Rxe3 21. Qd2
Qg5 22. Bd3 Rxh3+ 0-1

[Event "AUTO-MASTER-1172"]
[Site "http://www.queenalice.com/game.php?id=805554"]
[Date "2010.7.19"]
[Round "1"]
[White "BobGomes"]
[Black "jhenyferferreira"]
[Result "0-1"]
[WhiteElo "2014"]
[BlackElo "1917"]

1. d4 Nf6 2. c4 e6 3. Nc3 Be7 4. e4 d6 5. Nf3 c5 6. d5 e5 7. a3 O-O 8. b4 b6 9.
Be2 h6 10. O-O Bg4 11. h3 Bd7 12. bxc5 bxc5 13. Rb1 Nh7 14. Bd2 a6 15. a4 f5 16.
exf5 Bxf5 17. Rb2 Nd7 18. Qa1 e4 19. Nh2 Bf6 20. a5 Rb8 21. Rxb8 Qxb8 22. Rb1
Qc8 23. Rb3 Qc7 24. Bg4 Bd4 25. Be3 Be5 26. Bxf5 Rxf5 27. Qa4 Nhf6 28. g4 Bxh2+
29. Kxh2 Rf3 30. Kg2 Qd8 31. Rb7 Ne5 32. Nb1 Nfxg4 33. hxg4 Qh4 34. Kf1 Nxg4 35.
Qe8+ Rf8 36. Qe6+ Kh8 37. Rf7 Nxe3+ 38. fxe3 Qh1+ 39. Ke2 Qh5+ 40. Kd2 Rxf7 41.
Qe8+ Kh7 42. Qxe4+ g6 43. Nc3 Qh3 44. Ne2 Qf1 45. Nf4 Qf2+ 46. Kd3 Qg1 47. Qe6
Qb1+ 48. Ke2 Rb7 49. Kf3 Qf1+ 50. Kg3 Qg1+ 51. Ng2 h5 52. Qf6 Qd1 53. Qf4 Qd3
54. Ne1 Qc3 55. Ng2 Kg7 56. Qxd6 Qxc4 57. Nf4 Qe4 58. Qxc5 Rf7 59. d6 Qe8 60.
Qd4+ Kh7 61. Nd5 Qf8 62. Nf4 Rd7 63. Qd3 Rxd6 64. Qe4 Qf6 65. Qc2 Qg5+ 66. Kf3
Qxa5 0-1

[Event "AUTO-MASTER-1172"]
[Site "http://www.queenalice.com/game.php?id=805555"]
[Date "2010.7.19"]
[Round "1"]
[White "jhenyferferreira"]
[Black "BobGomes"]
[Result "1-0"]
[WhiteElo "1909"]
[BlackElo "2074"]

1. e4 e5 2. Nf3 Nf6 3. Nxe5 d6 4. Nf3 Nxe4 5. Bc4 Be7 6. d3 Nf6 7. Be3 Be6 8.
Bxe6 fxe6 9. O-O O-O 10. Nc3 Nc6 11. h3 d5 12. Ne2 h6 13. Ng3 Bd6 14. Qd2 Qd7
15. Nh4 Nh7 16. f4 g5 17. Ng6 Rf6 18. Ne5 Bxe5 19. fxe5 Rxf1+ 20. Rxf1 Nxe5 21.
Nh5 Rf8 22. Rxf8+ Kxf8 23. Qb4+ Kf7 24. Qxb7 d4 25. Qe4 Nf6 26. Nxf6 Kxf6 27.
Bxd4 Qd5 28. Qxd5 exd5 29. Bxa7 Nd7 30. Bd4+ Ke6 31. g4 Kf7 32. a4 c5 33. Bf2
Ke6 34. c3 Kd6 35. b4 cxb4 36. cxb4 Kc6 37. Kf1 Kd6 38. Ke2 Nb8 39. b5 Kc7 40.
Kd2 Nd7 41. Kc3 Kb7 42. Kb4 Ne5 43. Kc3 Nf3 44. a5 Kc7 45. a6 1-0

[Event "AUTO-MASTER-1172"]
[Site "http://www.queenalice.com/game.php?id=805566"]
[Date "2010.7.19"]
[Round "1"]
[White "Marivaldo"]
[Black "jhenyferferreira"]
[Result "0-1"]
[WhiteElo "1921"]
[BlackElo "1937"]

1. d4 Nf6 2. Bg5 d5 3. Bxf6 exf6 4. e3 Bd6 5. a3 O-O 6. c3 Be6 7. Qb3 Nd7 8.
Qxb7 Rb8 9. Qxa7 Rxb2 10. Nd2 Nb6 11. Qa6 Qd7 12. Qd3 Qa4 13. Be2 g6 14. g4 f5
15. h3 Rb8 16. Bd1 Qa7 17. Nb3 Nc4 18. Nc5 Bxc5 19. dxc5 Qxc5 20. Qd4 Qa5 21.
Ne2 c5 22. Qf4 Rd2 23. O-O Rbb2 24. gxf5 Bxf5 25. Re1 Bd3 26. Ng3 Qxc3 27. Bf3
Rxf2 28. Nh1 Rxf3 29. Qxf3 Be4 30. Qg3 Rg2+ 31. Qxg2 Bxg2 32. Kxg2 Nxe3+ 33. Kg1
Nc2 34. Re8+ Kg7 35. Rc1 Qd4+ 36. Nf2 Nxa3 37. Rd1 Qa4 38. Rc8 Qc4 39. Ra8 Nb5
40. Raa1 d4 41. Nd3 Qd5 42. Ra5 Qg5+ 43. Kh2 Nc3 44. Rxc5 Qxc5 45. Nxc5 Nxd1 46.
Kg3 Nb2 47. Kf4 h6 48. h4 Kf6 49. Ke4 d3 50. Nb3 Ke6 51. Kd4 Kf5 52. Kc3 Nd1+
53. Kxd3 Nf2+ 54. Ke2 Ne4 55. Kf3 Nd6 56. Nd4+ Kf6 57. Kf4 g5+ 58. hxg5+ hxg5+
59. Kg4 Kg6 60. Nc6 f5+ 61. Kh3 g4+ 62. Kh4 Kf6 63. Nb4 Ke5 64. Kg3 Ne4+ 65. Kg2
f4 66. Nd3+ Kf5 67. Ne1 Nd2 68. Nc2 Ke4 69. Kf2 g3+ 70. Kg2 Kd3 71. Nb4+ Ke2 72.
Nd5 f3+ 73. Kxg3 Ne4+ 74. Kf4 f2 75. Kxe4 f1=Q 76. Nc3+ Kd2 77. Nd5 Qg2+ 78. Ke5
Qg5+ 79. Ke4 Qg4+ 80. Ke5 Kd3 81. Nf4+ Ke3 82. Nd5+ Kf3 83. Nf6 Qf4+ 84. Ke6 Qg5
85. Nd5 Ke4 86. Nf6+ Kd4 87. Nd7 Qd5+ 88. Ke7 Qc6 89. Nf6 Ke5 90. Nd7+ Kf5 91.
Nf8 Qf6+ 92. Ke8 Qg7 93. Nd7 Ke6 94. Nc5+ Kd6 95. Ne4+ Kc6 96. Nf6 Kc7 97. Nd5+
Kd6 98. Nf6 Qe7# 0-1

[Event "AUTO-MASTER-1172"]
[Site "http://www.queenalice.com/game.php?id=805567"]
[Date "2010.7.19"]
[Round "1"]
[White "jhenyferferreira"]
[Black "Marivaldo"]
[Result "1-0"]
[WhiteElo "1894"]
[BlackElo "1933"]

1. f4 d5 2. Nf3 Bg4 3. e3 c6 4. Be2 e6 5. O-O Bd6 6. h3 Bh5 7. d3 Bc5 8. a3 Qd6
9. g4 Bg6 10. d4 Bb6 11. Bd2 c5 12. Bb5+ Nc6 13. Ne5 Ne7 14. c3 Be4 15. a4 a6
16. Be2 Ng6 17. Be1 c4 18. Nd2 f5 19. Nxe4 fxe4 20. f5 Ncxe5 21. fxg6 Nxg6 22.
Kg2 Rf8 23. Bg3 Qd7 24. b3 cxb3 25. Qxb3 Bc7 26. Qxb7 Rc8 27. Bxa6 Bxg3 28.
Rxf8+ Nxf8 29. Bb5 Bc7 30. Qxc8+ 1-0

[Event "AUTO-MASTER-1172"]
[Site "http://www.queenalice.com/game.php?id=805572"]
[Date "2010.7.19"]
[Round "1"]
[White "boydelta"]
[Black "jhenyferferreira"]
[Result "1-0"]
[WhiteElo "2204"]
[BlackElo "1922"]

1. e4 c5 2. Nf3 d6 3. d4 cxd4 4. Nxd4 Nf6 5. Nc3 e6 6. Bg5 Be7 7. Bd3 Nxe4 8.
Bxe7 Nxc3 9. Bxd8 Nxd1 10. Rxd1 Kxd8 11. c4 Nc6 12. Nb5 Ke7 13. Be4 Rd8 14. f4
a6 15. Nc3 Bd7 16. h4 Rac8 17. O-O f5 18. Bf3 b6 19. b3 g6 20. Rfe1 Kf7 21. Rxd6
Rc7 22. Red1 Ke7 23. Na4 Be8 24. Rxd8 Nxd8 25. Nxb6 Nc6 26. Bxc6 Bxc6 27. Kf2
Be4 28. g3 h5 29. Ke3 a5 30. Kd4 Rc6 31. c5 Kf6 32. Kc4 Bf3 33. Re1 Be4 34. a3
Rc7 35. b4 axb4 36. axb4 e5 37. Rxe4 1-0

[Event "AUTO-MASTER-1172"]
[Site "http://www.queenalice.com/game.php?id=805573"]
[Date "2010.7.19"]
[Round "1"]
[White "jhenyferferreira"]
[Black "boydelta"]
[Result "0-1"]
[WhiteElo "1928"]
[BlackElo "2188"]

1. e4 c5 2. Nf3 d6 3. Bc4 e5 4. O-O Be7 5. c3 Nf6 6. Re1 Nc6 7. d4 O-O 8. h3 Qc7
9. Bg5 cxd4 10. cxd4 exd4 11. Nxd4 Nxd4 12. Qxd4 Be6 13. Bxe6 fxe6 14. Nc3 Qc5
15. Qd3 Qxg5 16. Nb5 Ne8 17. Qb3 Qf6 18. f3 a6 19. Nc3 b5 20. a4 Nc7 21. axb5
axb5 22. Rxa8 Rxa8 23. Rc1 Qd4+ 24. Kh1 Qe3 25. Qc2 Bg5 26. Rd1 b4 27. Nb1 Qc5
28. Qd3 d5 29. exd5 Nxd5 30. Nd2 Qe3 31. Qb5 Bf4 32. Qb7 Rb8 33. Qd7 Qe2 34. Rc1
Bxd2 0-1

[Event "PE x MA"]
[Site "http://www.queenalice.com/game.php?id=810385"]
[Date "2010.7.29"]
[Round "2"]
[White "luciopac"]
[Black "jhenyferferreira"]
[Result "1-0"]
[WhiteElo "2222"]
[BlackElo "1932"]

1. e4 e5 2. Nf3 d6 3. d4 exd4 4. Nxd4 Nf6 5. Nc3 g6 6. Be2 Bg7 7. O-O O-O 8. Be3
Be6 9. f4 c5 10. Ndb5 Nc6 11. Qxd6 Nb4 12. Bxc5 a6 13. Nc7 Nxc2 14. Rac1 Qxd6
15. Bxd6 Nd4 16. Nxa8 Rxa8 17. Bd3 Rd8 18. e5 Nd5 19. Nxd5 Bxd5 20. b3 f6 21.
Bc4 Bxc4 22. Rxc4 fxe5 23. fxe5 Nf5 24. Rc7 Nxd6 25. exd6 Be5 26. Rxb7 Rxd6 27.
Re1 Bd4+ 28. Kf1 Rf6+ 29. Ke2 Re6+ 30. Kd1 1-0

[Event "LMX Mail"]
[Site "http://www.queenalice.com/game.php?id=1333172"]
[Date "2015.1.6"]
[Round "1"]
[White "jhenyferferreira"]
[Black "wedsm"]
[Result "0-1"]
[WhiteElo "1952"]
[BlackElo "2097"]

1. e4 c5 2. Nf3 d6 3. c3 Nf6 4. e5 dxe5 5. Nxe5 Qd5 6. d4 Qe4+ 7. Be3 cxd4 8.
cxd4 e6 9. Bb5+ Bd7 10. Nxd7 Nbxd7 0-1

[Event "AUTO-MASTER-2224"]
[Site "http://www.queenalice.com/game.php?id=1333174"]
[Date "2015.1.6"]
[Round "1"]
[White "jhenyferferreira"]
[Black "Pistolero"]
[Result "0-1"]
[WhiteElo "1972"]
[BlackElo "2200"]

1. e4 d5 2. e5 Bf5 3. d4 e6 4. Be3 Nd7 5. Nf3 c5 6. Be2 cxd4 7. Bxd4 Ne7 8. Nc3
Nc6 9. O-O Be7 10. h3 O-O 11. Bd3 Bxd3 12. Qxd3 Nxd4 13. Qxd4 Qb6 14. Qxb6 Nxb6
15. b3 Rfc8 16. Nb5 Rxc2 17. Rfc1 Rac8 18. Rxc2 Rxc2 19. Nxa7 Bc5 20. Nb5 Rxf2
21. Kh1 Nd7 22. a4 Re2 23. Nd6 Bxd6 24. exd6 Rc2 25. Nd4 Rc3 26. a5 Rc8 27. a6
bxa6 28. Rxa6 Kf8 29. Ra7 Ke8 30. b4 Ne5 31. b5 Rc4 32. Nf3 Nxf3 33. gxf3 Rb4
34. Rb7 d4 35. Kg1 d3 36. Kf2 d2 37. Ke2 Rd4 38. d7+ Kd8 39. Kd1 Rxd7 40. Rb8+
Kc7 41. Rh8 h6 42. Rh7 f6 0-1

[Event "AUTO-MASTER-2224"]
[Site "http://www.queenalice.com/game.php?id=1333175"]
[Date "2015.1.6"]
[Round "1"]
[White "Pistolero"]
[Black "jhenyferferreira"]
[Result "1-0"]
[WhiteElo "2195"]
[BlackElo "1965"]

1. c4 Nf6 2. Nc3 e5 3. g3 Bc5 4. Bg2 c6 5. Nf3 d6 6. d4 exd4 7. Nxd4 Bxd4 8.
Qxd4 O-O 9. Bf4 Be6 10. Bxd6 Re8 11. O-O Nbd7 12. e4 Nb6 13. c5 Nbd7 14. f4 Nf8
15. f5 Bd7 16. e5 Nd5 17. Nxd5 cxd5 18. Bxd5 Bc6 19. Rad1 Bxd5 20. Qxd5 Qg5 21.
Qxb7 h5 22. Qf3 h4 23. Rd4 hxg3 24. hxg3 Nd7 25. Re1 Rac8 26. b4 Nf6 27. Red1
Nd7 28. Rg4 Qh6 29. Rh4 Qg5 30. Rg4 Qh6 31. Re1 a5 32. a3 Qd2 33. Rge4 axb4 34.
axb4 Ra8 35. Qe3 Qc2 36. Qe2 Qc3 37. Kg2 Qb3 38. Qc4 Ra2+ 39. Kh3 Qf3 40. Qxa2
g5 41. fxg6 1-0

[Event "AUTO-MASTER-2224"]
[Site "http://www.queenalice.com/game.php?id=1333176"]
[Date "2015.1.6"]
[Round "1"]
[White "jhenyferferreira"]
[Black "cerenzo72"]
[Result "1-0"]
[WhiteElo "1932"]
[BlackElo "2134"]

1. e4 c5 2. Nf3 e6 3. d4 cxd4 4. Nxd4 Nf6 5. Nc3 Bb4 6. Bd2 Bxc3 7. Bxc3 Nxe4 8.
Qf3 Nxc3 9. Qxc3 O-O 10. O-O-O b6 11. g4 Qg5+ 12. Kb1 Qxg4 13. Be2 Qf4 14. Rdg1
f6 15. Rg4 Qe5 16. Rhg1 f5 17. Rxg7+ Qxg7 18. Rxg7+ Kxg7 19. Nxe6+ Kf7 20. Nxf8
Kxf8 21. Qxc8+ 1-0

[Event "AUTO-MASTER-2224"]
[Site "http://www.queenalice.com/game.php?id=1333177"]
[Date "2015.1.6"]
[Round "1"]
[White "cerenzo72"]
[Black "jhenyferferreira"]
[Result "0-1"]
[WhiteElo "2161"]
[BlackElo "1947"]

1. d4 Nf6 2. Nf3 d5 3. e3 e6 4. Bd3 Bd6 5. Nbd2 O-O 6. O-O Nbd7 7. c4 c5 8. cxd5
Nxd5 9. Nc4 Bc7 10. Qc2 f5 11. e4 Nb4 12. Qe2 Nxd3 13. Qxd3 cxd4 14. Qxd4 Qe8
15. b3 Kh8 16. Bh6 e5 17. Bxg7+ Kxg7 18. Nfxe5 Bxe5 19. Nxe5 Qxe5 20. Qxe5+ Nxe5
21. f4 Nd3 22. e5 Be6 23. Rf3 Rfd8 24. Rd1 Nxe5 25. Rxd8 Nxf3+ 0-1

[Event "AUTO-MASTER-2224"]
[Site "http://www.queenalice.com/game.php?id=1333178"]
[Date "2015.1.6"]
[Round "1"]
[White "jhenyferferreira"]
[Black "Alligator427"]
[Result "0-1"]
[WhiteElo "1942"]
[BlackElo "2095"]

1. e4 e6 2. d4 d5 3. e5 c5 4. c3 Nc6 5. Nf3 Qb6 6. Bd3 Bd7 7. O-O cxd4 8. cxd4
Nxd4 9. Nxd4 Qxd4 10. Nc3 Qxe5 11. Qb3 Bc6 12. Re1 Qxe1+ 13. Bf1 Bc5 14. Be3
Qxa1 15. Bxc5 Nf6 16. Nb5 Ne4 17. Nd6+ Nxd6 18. Bxd6 f6 19. g3 Kf7 20. Bf4 Qb1
21. Qb4 Rhd8 22. Qa5 d4 23. Qh5+ Qg6 0-1

[Event "AUTO-MASTER-2224"]
[Site "http://www.queenalice.com/game.php?id=1333179"]
[Date "2015.1.6"]
[Round "1"]
[White "Alligator427"]
[Black "jhenyferferreira"]
[Result "1-0"]
[WhiteElo "2128"]
[BlackElo "1956"]

1. e4 c5 2. d4 cxd4 3. c3 dxc3 4. Nxc3 e5 5. Nf3 Nc6 6. Bc4 d6 7. O-O Bg4 8. Be3
Be7 9. Qb3 Bxf3 10. Bxf7+ Kf8 11. gxf3 Nf6 12. Be6 Nd4 13. Bxd4 exd4 14. Nb5 g6
15. Nxd4 Nh5 16. Bg4 Ng7 17. Rfd1 h5 18. Bh3 Bh4 19. Rac1 Qf6 20. Qxb7 Re8 21.
Rc7 Kg8 22. Qd5+ Kh7 23. Rxa7 Re5 24. Qf7 Qxf7 25. Rxf7 Rg5+ 26. Kf1 Kh6 27. Nb3
Rd8 28. Rd7 Rxd7 29. Bxd7 1-0